• 首页
  • 本馆介绍
  • 公告通知
  • 最新文献
  • 馆藏检索
  • 电子资源
  • 读者导购
  • 参考咨询
  • 我的图书馆
  • 登录
  • 详细信息显示
  • 放入我的书架
  • 预约/预借图书
  • 作者相关作品
  • 分类相关作品
  • 丛书相关作品
  • 出版社相关作品

书目信息

  • 表格格式
  • 工作单格式
  • 卡片格式
题名:
发现冰臼
    
 
作者: 韩同林 著
分册:  
出版信息: 北京   华夏出版社  2004.10
页数:
开本: 32开
丛书名:
单 册:
中图分类: P512.4-49
科图分类:
主题词: 动力地质学
电子资源:
ISBN: 7-5080-3525-9
000 00500nam0 2200181 450
001 0736196517
005 20070924100316.51
010    @a7-5080-3525-9@d¥28.00
100    @a20070924d km y0chiy0120 ea
101 0  @achi
200 1  @a发现冰臼@Afa xian bing jiu@f韩同林 著@Fhan tong lin zhu
210    @a北京@c华夏出版社@d2004.10
215    @d32开
606 0  @a动力地质学
690    @aP512.4-49@v3
701  0 @a韩同林@Ahan tong lin@4著
801  0 @aCN@bPFT@c20070924
905    @a213230@dP512.4-49@eZY15@f1
    
    发现冰臼/韩同林 著.-北京:华夏出版社,2004.10
    32开
    
    
    ISBN 7-5080-3525-9:¥28.00
    
●
相关链接 在E读中查询图书 在五车中查询图书 在当当中查询图书 在豆瓣中查询图书


正题名:发现冰臼     索取号:P512.4-49/ZY15         预约/预借

序号 登录号 条形码 馆藏地/架位号 状态 备注
1 7902254   279022549   资源管理系资料室/ [索取号:P512.4-49/ZY15] 在馆    
唐山师范学院图书馆 欢迎您!
大连网信软件有限公司© 版权所有